[Event "M?R mláde?e v rapidu 2019"]
[Site "?"]
[Date "2019.09.08"]
[Round "9.18"]
[White "Zelba, Lukas"]
[Black "Setina, Vaclav"]
[Result "1-0"]
[BlackElo "1581"]
[WhiteElo "1656"]
[LiveChessVersion "1.4.8"]

1. d4 {[%clk 0:20:08]} Nf6 {[%clk 0:20:09]} 2. Bf4 {[%clk 0:20:10]} g6
{[%clk 0:20:05]} 3. Nc3 {[%clk 0:20:11]} Bg7 {[%clk 0:19:28]} 4. e4
{[%clk 0:20:08]} d6 {[%clk 0:18:48]} 5. Qd2 {[%clk 0:19:44]} Nc6 {[%clk 0:16:11]}
6. O-O-O {[%clk 0:19:41]} Nh5 {[%clk 0:13:44]} 7. Be3 {[%clk 0:19:27]} e5
{[%clk 0:12:22]} 8. d5 {[%clk 0:19:23]} Ne7 {[%clk 0:11:43]} 9. Be2
{[%clk 0:19:20]} Nf6 {[%clk 0:08:35]} 10. h4 {[%clk 0:19:02]} Ng4
{[%clk 0:06:25]} 11. Bxg4 {[%clk 0:18:51]} Bxg4 {[%clk 0:06:28]} 12. f3
{[%clk 0:18:55]} Bd7 {[%clk 0:06:31]} 13. h5 {[%clk 0:18:46]} f5 {[%clk 0:05:24]}
14. Bh6 {[%clk 0:17:57]} Bxh6 {[%clk 0:03:45]} 15. Qxh6 {[%clk 0:17:59]} fxe4
{[%clk 0:03:47]} 16. hxg6 {[%clk 0:17:58]} Bf5 {[%clk 0:02:21]} 17. g7
{[%clk 0:17:41]} Rg8 {[%clk 0:02:19]} 18. Nxe4 {[%clk 0:17:44]} Bxe4
{[%clk 0:01:43]} 19. fxe4 {[%clk 0:17:45]} Ng6 {[%clk 0:01:26]} 20. Nf3
{[%clk 0:17:09]} Qe7 {[%clk 0:01:08]} 21. Qxh7 {[%clk 0:16:47]} Rxg7
{[%clk 0:00:35]} 22. Qh3 {[%clk 0:16:00]} Nf4 {[%clk 0:00:10]} 23. Qh8+
{[%clk 0:15:57]} Qf8 {[%clk 0:00:08]} 24. Qxf8+ {[%clk 0:15:58]} Kxf8
{[%clk 0:00:12]} 25. Rh8+ {[%clk 0:15:58]} Rg8 {[%clk 0:00:17]} 26. Rxg8+
{[%clk 0:15:58]} Kxg8 {[%clk 0:00:21]} 27. g4 {[%clk 0:16:01]} Kf7
{[%clk 0:00:09]} 28. Rh1 {[%clk 0:15:53]} Rg8 {[%clk 0:00:07]} 29. Rh7+
{[%clk 0:15:53]} Rg7 {[%clk 0:00:11]} 30. Rxg7+ {[%clk 0:15:41]} Kxg7
{[%clk 0:00:16]} 31. Kd2 {[%clk 0:15:31]} Ng6 {[%clk 0:00:09]} 32. Ke3
{[%clk 0:15:22]} Kf7 {[%clk 0:00:13]} 33. Kf2 {[%clk 0:15:19]} Ke7
{[%clk 0:00:11]} 34. Kg3 {[%clk 0:15:22]} Kd7 {[%clk 0:00:15]} 35. g5
{[%clk 0:15:25]} c6 {[%clk 0:00:18]} 36. c4 {[%clk 0:15:22]} b5 {[%clk 0:00:22]}
37. b3 {[%clk 0:15:25]} bxc4 {[%clk 0:00:16]} 38. bxc4 cxd5 {[%clk 0:00:21]} 39.
cxd5 {[%clk 0:15:29]} Kc7 {[%clk 0:00:25]} 40. Kg4 {[%clk 0:15:31]} Ne7
{[%clk 0:00:29]} 41. Nh4 {[%clk 0:15:33]} Kb6 {[%clk 0:00:32]} 42. g6
{[%clk 0:15:37]} Kc5 {[%clk 0:00:36]} 43. Kg5 {[%clk 0:15:38]} Ng8
{[%clk 0:00:40]} 44. Nf5 {[%clk 0:15:34]} a5 {[%clk 0:00:36]} 45. Nh6
{[%clk 0:15:35]} Ne7 {[%clk 0:00:39]} 46. g7 {[%clk 0:15:39]} Kb4
{[%clk 0:00:22]} 47. Kf6 {[%clk 0:15:40]} Ng8+ {[%clk 0:00:22]} 48. Nxg8 Ka3 49.
Ne7 {[%clk 0:15:47]} Kxa2 {[%clk 0:00:30]} 50. g8=Q {[%clk 0:15:48]} a4
{[%clk 0:00:35]} 51. Qg1 {[%clk 0:15:49]} Kb2 {[%clk 0:00:38]} 52. Nc6
{[%clk 0:15:52]} a3 {[%clk 0:00:43]} 53. Nb4 1-0

[Event "M?R mláde?e v rapidu 2019"]
[Site "?"]
[Date "2019.09.08"]
[Round "9.19"]
[White "Gorej, Vojtech"]
[Black "Garabik, Marek"]
[Result "1-0"]
[BlackElo "1413"]
[WhiteElo "1567"]
[LiveChessVersion "1.4.8"]

1. e4 e6 2. d4 d5 3. Nd2 dxe4 4. Nxe4 Nd7 5. Nf3 Ngf6 6. Bd3 Nxe4 7. Bxe4 Nf6 8.
Bd3 Be7 9. O-O O-O 10. Re1 b6 11. Bg5 Bb7 12. c3 h6 13. Bxf6 Bxf6 14. Ne5 Bxe5
15. Rxe5 f6 16. Re1 Qd5 17. Be4 Qxe4 18. Rxe4 Bxe4 19. Qe2 Bg6 20. Qxe6+ Bf7 21.
Qd7 Rac8 22. Re1 Rfd8 23. Qg4 Bxa2 24. Ra1 Re8 25. f4 Bf7 26. Rxa7 Re1+ 27. Kf2
Rce8 28. Rxc7 Rb1 29. Rc8 Rxb2+ 30. Kg3 Rb5 31. Rxe8+ Bxe8 32. Qe6+ Bf7 33. Qc6
Rb3 34. d5 Rb1 35. d6 Rd1 36. d7 Rd3+ 37. Kf2 1-0

[Event "M?R mláde?e v rapidu 2019"]
[Site "?"]
[Date "2019.09.08"]
[Round "9.20"]
[White "Babula, Matej"]
[Black "Juhanak, Daniel"]
[Result "1/2-1/2"]
[BlackElo "1635"]
[WhiteElo "1387"]
[LiveChessVersion "1.4.8"]

1. e4 e6 2. d4 d5 3. exd5 exd5 4. Bd3 c5 5. c3 Nc6 6. Nf3 Bg4 7. Be3 cxd4 8. Bxd4
Nxd4 9. cxd4 Bb4+ 10. Nbd2 Ne7 11. Qa4+ Nc6 12. O-O O-O 13. a3 Bxd2 14. Nxd2 Qg5
15. f4 Qf6 16. h3 Bf5 17. Bxf5 Qxf5 18. Nf3 Qxf4 19. Rad1 Qe3+ 20. Kh1 a6 21.
Rfe1 Qf4 22. Qb3 Qd6 23. Ne5 b5 24. Nxc6 Qxc6 25. Rc1 Qb6 26. Qxd5 Rad8 27. Qc5
Qd6 28. Qxd6 Rxd6 29. Rcd1 Rfd8 30. Kg1 Kf8 31. Re4 Re6 32. Rxe6 fxe6 33. Kf2 e5
34. d5 Ke7 35. Ke3 Kd6 36. Ke4 Rc8 37. b3 Rf8 38. Ke3 Rc8 39. Rd3 Rc5 40. Ke4 Rc1
41. a4 bxa4 42. bxa4 Rc4+ 43. Ke3 Rxa4 44. Kf3 Rd4 45. Ra3 Rxd5 46. Rxa6+ Ke7 47.
Ra7+ Kf6 48. Ra6+ Ke7 49. Ra7+ Rd7 50. Ra6 Rd6 51. Ra7+ Kf6 52. g4 Rd3+ 53. Kg2
Rd2+ 54. Kf3 Rd6 55. h4 Rd3+ 56. Kg2 Rd6 57. Kf3 Re6 58. Ke4 Rd6 59. Kf3 Re6 60.
Ke4 Rd6 1/2-1/2

[Event "M?R mláde?e v rapidu 2019"]
[Site "?"]
[Date "2019.09.08"]
[Round "9.21"]
[White "Brezikova, Beata"]
[Black "Buchtova, Viktorie"]
[Result "1-0"]
[BlackElo "1325"]
[WhiteElo "1189"]
[LiveChessVersion "1.4.8"]

1. e4 {[%clk 0:20:08]} d5 {[%clk 0:20:09]} 2. exd5 {[%clk 0:20:10]} Nf6
{[%clk 0:20:13]} 3. Nc3 {[%clk 0:20:13]} Nxd5 {[%clk 0:20:15]} 4. Nf3
{[%clk 0:20:14]} Nc6 {[%clk 0:20:15]} 5. Bb5 {[%clk 0:20:13]} Bg4
{[%clk 0:20:14]} 6. Be2 {[%clk 0:20:06]} e5 {[%clk 0:20:16]} 7. O-O
{[%clk 0:20:06]} Bc5 {[%clk 0:20:05]} 8. h3 {[%clk 0:20:07]} Bh5 {[%clk 0:20:08]}
9. d3 {[%clk 0:19:35]} O-O {[%clk 0:19:07]} 10. Nxe5 {[%clk 0:13:04]} Bxe2
{[%clk 0:17:17]} 11. Nxc6 {[%clk 0:11:19]} Nxc3 {[%clk 0:17:14]} 12. bxc3
{[%clk 0:11:16]} Bxd1 {[%clk 0:16:57]} 13. Nxd8 {[%clk 0:11:03]} Bxc2
{[%clk 0:16:51]} 14. Nxb7 {[%clk 0:10:10]} Bb6 15. d4 {[%clk 0:10:03]} Rab8
{[%clk 0:16:00]} 16. Nc5 {[%clk 0:07:42]} Rfd8 {[%clk 0:14:15]} 17. Nb3
{[%clk 0:06:25]} a5 {[%clk 0:13:46]} 18. Bf4 {[%clk 0:06:10]} a4 {[%clk 0:13:05]}
19. Nd2 {[%clk 0:05:29]} Ba5 {[%clk 0:12:23]} 20. Rac1 {[%clk 0:05:06]} Bd3
{[%clk 0:12:01]} 21. Rfe1 {[%clk 0:04:36]} Rb2 {[%clk 0:11:17]} 22. Nf3
{[%clk 0:03:53]} Rxa2 {[%clk 0:10:32]} 23. Ne5 {[%clk 0:03:08]} Bb5
{[%clk 0:09:51]} 24. Re3 a3 25. c4 {[%clk 0:02:57]} Ba4 {[%clk 0:09:29]} 26. Bg3
{[%clk 0:02:24]} Rd2 {[%clk 0:09:13]} 27. Rxa3 {[%clk 0:02:01]} Bb6
{[%clk 0:06:35]} 28. Rxa4 {[%clk 0:01:47]} Bxd4 {[%clk 0:06:06]} 29. Nc6
{[%clk 0:01:42]} Re8 {[%clk 0:05:19]} 30. Nxd4 {[%clk 0:01:38]} Rxd4
{[%clk 0:05:20]} 31. Bxc7 {[%clk 0:01:31]} Rc8 {[%clk 0:04:50]} 32. Be5
{[%clk 0:01:19]} Re4 {[%clk 0:04:37]} 33. Bg3 {[%clk 0:01:20]} f5
{[%clk 0:04:08]} 34. f3 Re6 {[%clk 0:03:44]} 35. c5 {[%clk 0:01:04]} Kf7
{[%clk 0:03:36]} 36. Ra7+ {[%clk 0:00:55]} Ke8 {[%clk 0:03:37]} 37. Kf2
{[%clk 0:00:52]} Rec6 {[%clk 0:03:29]} 38. Ra5 {[%clk 0:00:49]} Kd7
{[%clk 0:03:20]} 39. Ke3 {[%clk 0:00:52]} Ke6 {[%clk 0:03:14]} 40. f4
{[%clk 0:00:48]} Kd5 {[%clk 0:03:09]} 41. Rd1+ {[%clk 0:00:42]} Kc4
{[%clk 0:03:06]} 42. Rc1+ {[%clk 0:00:39]} Kb4 {[%clk 0:03:07]} 43. Ra2
{[%clk 0:00:40]} Rxc5 {[%clk 0:03:02]} 44. Rb2+ {[%clk 0:00:40]} Ka5
{[%clk 0:02:59]} 45. Ra1# 1-0

[Event "M?R mláde?e v rapidu 2019"]
[Site "?"]
[Date "2019.09.08"]
[Round "9.22"]
[White "Kubatova, Beta"]
[Black "Horkova, Tereza"]
[Result "0-1"]
[BlackElo "1289"]
[WhiteElo "1244"]
[LiveChessVersion "1.4.8"]

1. e4 {[%clk 0:20:07]} e5 {[%clk 0:20:09]} 2. Nf3 {[%clk 0:20:05]} Nc6
{[%clk 0:20:13]} 3. d4 {[%clk 0:20:05]} exd4 {[%clk 0:20:16]} 4. Nxd4
{[%clk 0:20:06]} Nf6 {[%clk 0:20:19]} 5. Nc3 {[%clk 0:20:08]} Bb4
{[%clk 0:20:23]} 6. Nxc6 {[%clk 0:20:10]} bxc6 {[%clk 0:20:26]} 7. Bd3
{[%clk 0:20:12]} d5 {[%clk 0:20:27]} 8. exd5 {[%clk 0:20:14]} cxd5
{[%clk 0:20:30]} 9. O-O {[%clk 0:20:12]} O-O {[%clk 0:20:32]} 10. Bg5
{[%clk 0:20:02]} c6 {[%clk 0:20:27]} 11. Qf3 {[%clk 0:19:36]} Qd6
{[%clk 0:18:08]} 12. Bxf6 {[%clk 0:16:54]} Qxf6 {[%clk 0:18:11]} 13. Qxf6
{[%clk 0:16:20]} gxf6 {[%clk 0:18:14]} 14. a3 {[%clk 0:16:08]} Bd6
{[%clk 0:17:57]} 15. Rfe1 {[%clk 0:15:37]} Be6 {[%clk 0:17:36]} 16. Re2
{[%clk 0:14:40]} Rab8 {[%clk 0:17:18]} 17. Na4 {[%clk 0:12:26]} c5
{[%clk 0:15:57]} 18. Rae1 {[%clk 0:10:26]} c4 {[%clk 0:15:11]} 19. Bxc4
{[%clk 0:09:05]} dxc4 {[%clk 0:15:08]} 20. Rd2 {[%clk 0:08:42]} Be5
{[%clk 0:14:52]} 21. b4 {[%clk 0:07:48]} cxb3 {[%clk 0:14:32]} 22. cxb3
{[%clk 0:07:40]} Bxb3 {[%clk 0:14:35]} 23. Re4 {[%clk 0:06:49]} Bxa4
{[%clk 0:14:22]} 24. g3 {[%clk 0:06:19]} Rb1+ {[%clk 0:14:24]} 25. Kg2
{[%clk 0:06:14]} Bc6 {[%clk 0:14:27]} 26. f3 {[%clk 0:05:59]} Bxe4
{[%clk 0:14:28]} 27. fxe4 {[%clk 0:06:03]} Rb2 {[%clk 0:14:27]} 28. Rxb2
{[%clk 0:05:53]} Bxb2 {[%clk 0:14:30]} 29. Kh3 {[%clk 0:05:55]} Bxa3
{[%clk 0:14:34]} 30. Kg4 {[%clk 0:05:57]} a5 {[%clk 0:14:38]} 31. Kf3
{[%clk 0:05:55]} a4 {[%clk 0:14:42]} 32. Ke3 {[%clk 0:05:58]} Bd6
{[%clk 0:14:45]} 33. Kd3 {[%clk 0:05:50]} a3 {[%clk 0:14:48]} 34. Kc2
{[%clk 0:05:54]} a2 {[%clk 0:14:51]} 35. Kb2 {[%clk 0:05:57]} Ra8
{[%clk 0:14:55]} 36. Kc2 {[%clk 0:05:56]} a1=Q {[%clk 0:14:57]} 37. Kd3
{[%clk 0:05:58]} Ra4 {[%clk 0:14:56]} 38. Ke3 {[%clk 0:06:01]} Qc3+
{[%clk 0:14:59]} 39. Ke2 {[%clk 0:06:02]} Ra2+ {[%clk 0:15:02]} 40. Kd1
{[%clk 0:06:01]} Qa1# 0-1

[Event "M?R mláde?e v rapidu 2019"]
[Site "?"]
[Date "2019.09.08"]
[Round "9.23"]
[White "Hladka, Leontyna"]
[Black "Barteckova, Valerie"]
[Result "0-1"]
[BlackElo "1282"]
[WhiteElo "1232"]
[LiveChessVersion "1.4.8"]

1. e4 {[%clk 0:20:09]} e5 {[%clk 0:20:09]} 2. Nf3 {[%clk 0:20:12]} Nc6
{[%clk 0:20:12]} 3. d4 {[%clk 0:20:16]} exd4 {[%clk 0:20:15]} 4. Nxd4
{[%clk 0:20:18]} Be7 {[%clk 0:20:19]} 5. Nc3 {[%clk 0:19:59]} d6 {[%clk 0:20:21]}
6. Nxc6 {[%clk 0:19:53]} bxc6 {[%clk 0:20:23]} 7. Bd3 {[%clk 0:19:44]} Nf6
{[%clk 0:20:25]} 8. Be3 {[%clk 0:19:34]} O-O {[%clk 0:20:25]} 9. Qe2
{[%clk 0:19:26]} Be6 {[%clk 0:20:26]} 10. O-O {[%clk 0:18:59]} Re8
{[%clk 0:20:21]} 11. Rfe1 {[%clk 0:18:15]} d5 {[%clk 0:20:20]} 12. f3
{[%clk 0:16:23]} d4 {[%clk 0:20:14]} 13. e5 {[%clk 0:14:43]} dxc3
{[%clk 0:18:39]} 14. exf6 {[%clk 0:14:15]} Bxf6 {[%clk 0:18:38]} 15. Rad1
{[%clk 0:13:06]} Qb8 {[%clk 0:16:24]} 16. bxc3 Bxa2 {[%clk 0:15:39]} 17. Bc4
{[%clk 0:09:18]} Bxc4 {[%clk 0:15:37]} 18. Qxc4 {[%clk 0:09:20]} Qb5
{[%clk 0:14:59]} 19. Qxb5 {[%clk 0:05:58]} cxb5 {[%clk 0:14:52]} 20. Bd4
{[%clk 0:05:38]} Rxe1+ {[%clk 0:14:32]} 21. Rxe1 {[%clk 0:05:41]} Bxd4+
{[%clk 0:14:32]} 22. cxd4 {[%clk 0:05:42]} Kf8 {[%clk 0:14:35]} 23. Kf2
{[%clk 0:05:33]} Re8 {[%clk 0:14:39]} 24. Rb1 {[%clk 0:05:10]} c6
{[%clk 0:14:39]} 25. Rb3 {[%clk 0:04:30]} Rd8 {[%clk 0:14:30]} 26. Ke3
{[%clk 0:03:54]} a5 {[%clk 0:14:31]} 27. c3 {[%clk 0:03:33]} a4 {[%clk 0:14:34]}
28. Ra3 {[%clk 0:03:31]} Ke7 {[%clk 0:14:36]} 29. c4 {[%clk 0:03:14]} Ke6
{[%clk 0:14:26]} 30. cxb5 {[%clk 0:01:41]} cxb5 {[%clk 0:14:26]} 31. Kd3
{[%clk 0:01:22]} Kd5 {[%clk 0:14:19]} 32. Rc3 {[%clk 0:00:39]} Rb8
{[%clk 0:13:57]} 33. Rc5+ {[%clk 0:00:39]} Kd6 {[%clk 0:13:58]} 34. Kc2
{[%clk 0:00:19]} Rb6 {[%clk 0:13:55]} 35. Kb2 {[%clk 0:00:08]} h6
{[%clk 0:13:32]} 36. Ka3 {[%clk 0:00:00]} f6 {[%clk 0:13:32]} 0-1